000 00597nam a2200229Ia 4500
003 OSt
005 20221006152956.0
006 a|||||r|||| 00| 0
007 ta
008 221006b |||||||| |||| 00| 0 eng d
020 _c
_4.50
024 _a30,713
037 _cTextual
040 _aEASL
_cEASL
_beng
041 _2eng
_aeng
100 _aLOVELACE Daniel D
_9662155
245 0 _aChina and Peoples war in Thailand, 1964-69
260 _aBerkeley
_bUniversity of California
_c1971
300 _a101p.
_ccm.
942 _cTEXL
_2CC
999 _c1098799
_d1098799